<?xml version="1.0" encoding="UTF-8"?>
<collection xmlns="http://www.loc.gov/MARC21/slim">
 <record>
  <leader>01795nam a22002777a 4500</leader>
  <controlfield tag="001">NCT_60934</controlfield>
  <controlfield tag="008">190301b        xxu||||| |||| 00| 0 vie d</controlfield>
  <datafield tag="999" ind1=" " ind2=" ">
   <subfield code="c">2954</subfield>
   <subfield code="d">2954</subfield>
  </datafield>
  <datafield tag="020" ind1=" " ind2=" ">
   <subfield code="c">32000</subfield>
  </datafield>
  <datafield tag="082" ind1="0" ind2="4">
   <subfield code="2">23rd ed.</subfield>
   <subfield code="a">617.7</subfield>
   <subfield code="b">G536</subfield>
  </datafield>
  <datafield tag="100" ind1="1" ind2=" ">
   <subfield code="a">Gittinger, John W</subfield>
  </datafield>
  <datafield tag="245" ind1="1" ind2="0">
   <subfield code="a">Nhãn khoa lâm sàng : </subfield>
   <subfield code="b">Bệnh sinh - chẩn đoán - điều trị</subfield>
   <subfield code="c">John W. Gittinger, George K. Asdourian ; Hà Huy Tiến (dịch)</subfield>
  </datafield>
  <datafield tag="250" ind1=" " ind2=" ">
   <subfield code="a">Tái bản lần thứ 2 có sữa chữa và bổ sung</subfield>
  </datafield>
  <datafield tag="260" ind1=" " ind2=" ">
   <subfield code="a">H.</subfield>
   <subfield code="b">Y học</subfield>
   <subfield code="c">2007</subfield>
  </datafield>
  <datafield tag="300" ind1=" " ind2=" ">
   <subfield code="a">334 tr.</subfield>
   <subfield code="c">19cm</subfield>
  </datafield>
  <datafield tag="520" ind1="3" ind2=" ">
   <subfield code="a">Sách gồm 11 chương, 66 bài, đề cập đến những vấn đề chính yếu và nóng bỏng nhất của chuyên khoa mắt và đủ 3 phần quan trọng là bệnh sinh, chẩn đoán và điều trị.</subfield>
  </datafield>
  <datafield tag="653" ind1=" " ind2=" ">
   <subfield code="a">Y Đa khoa</subfield>
  </datafield>
  <datafield tag="700" ind1="1" ind2=" ">
   <subfield code="a">Asdourian, George K. </subfield>
  </datafield>
  <datafield tag="700" ind1="1" ind2=" ">
   <subfield code="a">Hà Huy Tiến</subfield>
   <subfield code="e">Dịch</subfield>
  </datafield>
  <datafield tag="942" ind1=" " ind2=" ">
   <subfield code="2">ddc</subfield>
   <subfield code="c">BK</subfield>
  </datafield>
  <datafield tag="952" ind1=" " ind2=" ">
   <subfield code="0">0</subfield>
   <subfield code="1">0</subfield>
   <subfield code="2">ddc</subfield>
   <subfield code="4">0</subfield>
   <subfield code="6">617_700000000000000_G536</subfield>
   <subfield code="7">0</subfield>
   <subfield code="9">15974</subfield>
   <subfield code="a">000001</subfield>
   <subfield code="b">000001</subfield>
   <subfield code="d">2019-03-01</subfield>
   <subfield code="o">617.7 G536</subfield>
   <subfield code="p">MD.14658</subfield>
   <subfield code="r">2019-03-01</subfield>
   <subfield code="v">32000.00</subfield>
   <subfield code="w">2019-03-01</subfield>
   <subfield code="y">BK</subfield>
  </datafield>
  <datafield tag="952" ind1=" " ind2=" ">
   <subfield code="0">0</subfield>
   <subfield code="1">0</subfield>
   <subfield code="2">ddc</subfield>
   <subfield code="4">0</subfield>
   <subfield code="6">617_700000000000000_G536</subfield>
   <subfield code="7">0</subfield>
   <subfield code="9">15975</subfield>
   <subfield code="a">000001</subfield>
   <subfield code="b">000001</subfield>
   <subfield code="d">2019-03-01</subfield>
   <subfield code="o">617.7 G536</subfield>
   <subfield code="p">MD.14659</subfield>
   <subfield code="r">2019-10-04</subfield>
   <subfield code="v">32000.00</subfield>
   <subfield code="w">2019-03-01</subfield>
   <subfield code="y">BK</subfield>
  </datafield>
  <datafield tag="952" ind1=" " ind2=" ">
   <subfield code="0">0</subfield>
   <subfield code="1">0</subfield>
   <subfield code="2">ddc</subfield>
   <subfield code="4">0</subfield>
   <subfield code="6">617_700000000000000_G536</subfield>
   <subfield code="7">0</subfield>
   <subfield code="9">15976</subfield>
   <subfield code="a">000001</subfield>
   <subfield code="b">000001</subfield>
   <subfield code="d">2019-03-01</subfield>
   <subfield code="o">617.7 G536</subfield>
   <subfield code="p">MD.14660</subfield>
   <subfield code="r">2019-03-01</subfield>
   <subfield code="v">32000.00</subfield>
   <subfield code="w">2019-03-01</subfield>
   <subfield code="y">BK</subfield>
  </datafield>
  <datafield tag="952" ind1=" " ind2=" ">
   <subfield code="0">0</subfield>
   <subfield code="1">0</subfield>
   <subfield code="2">ddc</subfield>
   <subfield code="4">0</subfield>
   <subfield code="6">617_700000000000000_G536</subfield>
   <subfield code="7">0</subfield>
   <subfield code="9">15977</subfield>
   <subfield code="a">000001</subfield>
   <subfield code="b">000001</subfield>
   <subfield code="d">2019-03-01</subfield>
   <subfield code="l">1</subfield>
   <subfield code="o">617.7 G536</subfield>
   <subfield code="p">MD.14661</subfield>
   <subfield code="r">2019-04-19</subfield>
   <subfield code="s">2019-04-06</subfield>
   <subfield code="v">32000.00</subfield>
   <subfield code="w">2019-03-01</subfield>
   <subfield code="y">BK</subfield>
  </datafield>
  <datafield tag="952" ind1=" " ind2=" ">
   <subfield code="0">0</subfield>
   <subfield code="1">0</subfield>
   <subfield code="2">ddc</subfield>
   <subfield code="4">0</subfield>
   <subfield code="6">617_700000000000000_G536</subfield>
   <subfield code="7">0</subfield>
   <subfield code="9">15978</subfield>
   <subfield code="a">000001</subfield>
   <subfield code="b">000001</subfield>
   <subfield code="d">2019-03-01</subfield>
   <subfield code="o">617.7 G536</subfield>
   <subfield code="p">MD.14662</subfield>
   <subfield code="r">2019-03-01</subfield>
   <subfield code="v">32000.00</subfield>
   <subfield code="w">2019-03-01</subfield>
   <subfield code="y">BK</subfield>
  </datafield>
  <datafield tag="980" ind1=" " ind2=" ">
   <subfield code="a">Thư viện Trường Đại học Nam Cần Thơ</subfield>
  </datafield>
 </record>
</collection>
